| 000 | 00549nam a2200145Ia 4500 | ||
|---|---|---|---|
| 008 | 100204s9999 xx 000 0 und d | ||
| 082 | _b10741 | ||
| 100 | _aहिरेमठ राजेश्वर | ||
| 245 | _aमराठी व्याकरण परिचय | ||
| 260 |
_b"मेहता पब्लिशिंग हाऊस , पुणे" _c1988 |
||
| 300 | _a133 | ||
| 630 | _aमराठी व्याकरण परिचय | ||
| 730 | _aमराठी व्याकरण परिचय | ||
| 942 | _cBOOK | ||
| 999 |
_c455177 _d455174 |
||